The story of philosophy: The Lives and Opinions of the Greater Philosophers
সংরক্ষণ করুন:
| প্রধান লেখক: | |
|---|---|
| বিন্যাস: | গ্রন্থ |
| ভাষা: | Spanish |
| প্রকাশিত: |
New York, Estados Unidos
Simon and Schuster
1953
|
| বিষয়গুলি: | |
| ট্যাগগুলো: |
ট্যাগ যুক্ত করুন
কোনো ট্যাগ নেই, প্রথমজন হিসাবে ট্যাগ করুন!
|
MARC
| LEADER | 00000nam a2200000Ia 4500 | ||
|---|---|---|---|
| 008 | 170316s9999 xx 000 0 spa d | ||
| 040 | |a cru BVZT | ||
| 090 | |a H-100 D-2st | ||
| 100 | |a Durant, Will | ||
| 245 | 4 | |a The story of philosophy: The Lives and Opinions of the Greater Philosophers | |
| 260 | |a New York, Estados Unidos | ||
| 260 | |b Simon and Schuster | ||
| 260 | |c 1953 | ||
| 300 | |a 412 páginas | ||
| 650 | |a FILOSOFÍA |9 5 | ||
| 650 | 0 | |a EN IDIOMA INGLÉS |9 129 | |
| 650 | |a HISTORIA DE LA FILOSOFÍA | ||
| 999 | |c 28902 |d 28902 | ||
| 942 | |c LIB |h H-100 D-2st |2 z | ||
